| 000 | 00762nam0a2200277 4500 | ||
|---|---|---|---|
| 001 | RU\NLR\bibl\1273545 | ||
| 005 | 20250615134910.0 | ||
| 010 |
_a978-5-7784-0372-7 _91000 |
||
| 021 |
_aRU _b2008-56170 _93120 |
||
| 035 | _a(NLR Aleph) 001259398 | ||
| 090 |
_a369400 _c369400 |
||
| 100 | _a20080916d2008 |||y0rusy50 ca | ||
| 101 | 0 | _arus | |
| 102 | _aRU | ||
| 105 | _ay ||||||||| | ||
| 200 | 1 |
_aЗдесь и Сейчас _fГерман Кнехт |
|
| 210 |
_aМосква _cАграф _d2008 |
||
| 215 |
_a510, [1] с. _d21 |
||
| 686 | _aШ6(2=Р)75-440.4 | ||
| 700 | 1 |
_aКнехт _bГ. _gГерман _4070 |
|
| 801 | 0 |
_aRU _bNLR _c20080916 _gRCR |
|
| 801 | 1 |
_aRU _bNLR _c20080916 |
|
| 942 | _cBOOK | ||
| 980 | _aNB | ||